000
00302nam a22001097a 4500
082
_a
510
100
_a
यादव,राकेश
_9
79923
245
_a
एडवांस गणित
260
_a
दिल्ली
_b
Rakesh Yadav Readers Pub.
_c
2023
650
_a
Mathes
_9
81908
942
_c
HIN
999
_c
66124
_d
66124